Frammenti : Boy+Boy Antologia II /

שמור ב:
מידע ביבליוגרפי
מחברים אחרים: Albiero, Marco, Carboni, Laura, Mazzotta, Fabrizio, Aru (K), Confaloni, Flavia, Elfodiluce, Valeriano, Madalena, Andrea
פורמט: סדרון
שפה:אנגלית
יצא לאור: Milano Echo Communication 2001
סדרה:Boy+Boy
תגים: הוספת תג
אין תגיות, היה/י הראשונ/ה לתייג את הרשומה!

MARC

LEADER 00000nas a2200000 4500
001 CDOM0000005236
003 mi
005 20251017114251.0
008 251013b |||||||| |||| 00| 0 eng d
020 |a 8873680119 
040 |c mi 
245 1 |a Frammenti :  |b Boy+Boy Antologia II /  |c di Marco Albiero et al. ; introduzione di Fabrizio Mazzotta 
260 |a Milano  |b Echo Communication  |c 2001 
300 |a 96 p.  |b ill.  |c 21 cm. 
490 |a Boy+Boy 
700 |a Albiero, Marco 
700 |a Carboni, Laura 
700 |a Mazzotta, Fabrizio 
700 |a Aru (K) 
700 |a Confaloni, Flavia 
700 |a Elfodiluce, Valeriano 
700 |a Madalena, Andrea 
942 |2 ddc  |c CR 
952 |0 0  |1 0  |2 ddc  |4 0  |6 B_FIT02ALBMAFRA11  |7 0  |9 7714  |a MI  |b MI  |d 2012-06-07  |i 6448  |l 0  |o B-FIT02-ALBMA-FRA11  |p CDOM6448  |r 2025-07-13 16:28:00  |w 2025-07-13  |x DONO  |y CR 
999 |c 6389  |d 6389